Welcome to the Holygrace Academy Library

Please use search bar below to get started

CHINDANELIYUM KANDAN POOCHAYUM (Record no. 6952)

MARC details
000 -LEADER
fixed length control field 00303nam a22001337a 4500
082 ## - DEWEY DECIMAL CLASSIFICATION NUMBER
Classification number 823
Item number RAJ/C
100 ## - MAIN ENTRY--AUTHOR NAME
Personal name RAJU ARUVAKKODU
245 ## - TITLE STATEMENT
Title CHINDANELIYUM KANDAN POOCHAYUM
260 ## - PUBLICATION, DISTRIBUTION, ETC. (IMPRINT)
Place of publication NOORANAD
Name of publisher UNMA PUBLICATIONS
Year of publication 2001
300 ## - PHYSICAL DESCRIPTION
Number of Pages 48
520 ## - SUMMARY, ETC.
Summary, etc SHORT STORY
650 ## - SUBJECT ADDED ENTRY--TOPICAL TERM
Topical Term SHORT STORY
942 ## - ADDED ENTRY ELEMENTS (KOHA)
Koha item type Books
Holdings
Withdrawn status Lost status Collection code Home library Current library Shelving location Date acquired Source of acquisition Cost, normal purchase price Full call number Accession Number Koha item type
    Fiction Main Library Main Library NEW SHELF WITH NEW ENTRY 05/10/2023 Purchase 30.00 823 RAJ/C 12953 Books